000 01521nam a22002417a 4500
999 _c62985
_d62985
003 Ge_BSU
005 20250423151908.0
008 250423s2021 ge ||||| |||| 00| 0 geo d
020 _a9789941843020
041 _ageo
080 _a712.422(075.8) ყ-44
245 _aყვავილნარები - დაპროექტება, მოწყობა, მოვლა :
_bდამხმარე სახელმძღვანელო /
_cეთერ ბენიძე, იზა ოჩხიკიძე, ქეთევან ქუთელია, გიორგი კილაძე ; რედაქტორი რამაზ კილაძე ; აკაკი წერეთლის სახელმწ. უნივერსიტეტი.
264 _aქუთაისი,
_c2022.
300 _a176 გვ. :
_b ილ. ;
_c25 სმ.
504 _a ბიბლიოგრაფია: გვ. 173.
700 _aბენიძე, ეთერ
_eავტორი
_920722
700 _aოჩხიკიძე, იზა
_eავტორი
_924912
700 _aქუთელია, ქეთევან
_eავტორი
_924913
700 _aკილაძე, გიორგი
_eავტორი
_924914
700 _aკილაძე, რამაზ
_eრედაქტორი
_916987
710 _aაკაკი წერეთლის სახელმწიფო უნივერსიტეტი
_924915
942 _2udc
_cᲬᲘᲒᲜᲘ